01692nam a2200241Ia 4500001000600000003000900006008004100015040001300056040001300069041001300082100002100095100002900116245003400145245003400179250001100213260001400224260003100238260004900269300005600318500101700374650002801391650003101419K0029IT-RoPAU130308s9999 xx 000 0 und d aIT-RoPAU cIT-RoPAU aITALIANO aArisi Ferdinando gCodice Aut. SPICS: 59345 aMuseo civico di Piacenza (Il) bMuseo civico di Piacenza (Il) a1a ed. a PIACENZA bEdizioni Del Museo Civico  c1960 [1° Ed.:1960 - Ed.Ling.Originale:1960] a"468 p. (prefazione: 14; testo: 454 [pagine: 0-0])" a"Origine museo civico e Sue Vicende, sede Attuale e quella Futura. Progettidi un museo a Piacenza. museo civico presso Biblioteca Comunale. poco Lieta Storia del museo Civico. cenni storici Sul palazzo Farnese futura sede del Museo. Quadreria Farnesiana. Arredamento del palazzo Farnese. collezioni ,Materiale Archeologico, Medioevale e rinascimentale Esposto nel Cortile. Materiale Artistico Esposto Sullo Scalone e Nei Loggiati. Prima Sala, Armeria. seconda Sala. Terza Sala. Quarta Sala. Appendice: Materiale Artistico e Archeologico Conservato Nei Depositi del Museo; Dipinti Farnesiani Giacentinei Depositi; Dipinti di Proprietà comunale e dell'istituto Gazzola; Dipinti Concessi in Deposito Dalla Galleria Nazionale di Parma al Comune di Piacenza; Dipinti di Artisti Piacentini; Sculture; Opee di scultori Piacentini; Materiale Archeologico; monete e Medaglie; Materiale Vario; Disegni e Acquarelli; museo del Risorgimento; raccolta delle Carrozze; Affreschi Destinati al Museo. Appendice Bibliografica." aSAGGI SULLE ARTI VISIVE eCodice materia Spics: 5011